Econometric analysis of cross section and panel data

Salvato in:
Dettagli Bibliografici
Autore principale: Wooldridge, Jeffrey M (Autore)
Natura: Libro
Lingua:inglese
Pubblicazione: Londres MIT 2002
Soggetti:
Tags: Aggiungi Tag
Nessun Tag, puoi essere il primo ad aggiungerne!!

MARC

LEADER 00000nam a2200000 a 4500
001 UCM7678
003 CL-VaPUC
008 030110e20020000UK |||||||||||||||||eng|d
020 |a 0262232197 
082 0 4 |a 330.015195  |b WOO  |2 21 
100 0 |a Wooldridge, Jeffrey M  |e author  |9 473279 
245 1 0 |a Econometric analysis of cross section and panel data 
300 |a 752 p 
942 |c BK 
945 |d 20030110 00:00:00  |a vberengu 
260 |a Londres  |b MIT  |c 2002 
650 0 |a Econometría   |9 261029 
650 0 |a Modelos econométricos  |9 261094 
650 0 |a Estadística matemática  |9 260028 
583 |a last modification  |c 20030110 00:00:00  |k Rodrigo Vera 
999 |c 302365  |d 302363 
952 |0 0  |1 0  |4 0  |6 330_015195000000000_WOO_2002  |7 0  |8 CCM  |9 362848  |a BIBCUR  |b BIBCUR  |d 2019-11-21  |i 387558K  |o 330.015195 WOO 2002  |p 387558K  |r 2025-04-22  |w 2019-11-21  |y BK  |k CIM 
952 |0 0  |1 0  |4 0  |6 330_015195000000000_WOO_2002  |7 0  |8 A  |9 362849  |a BIBENE  |b BIBENE  |d 2019-11-21  |i 4085191  |o 330.015195 WOO 2002  |p 4085191  |r 2025-01-15  |w 2019-11-21  |y BK  |k ICO